[Event "GCT 2024 Croazia - Blitz"]
[Site "Zagabria"]
[Date "06.07.2025"]
[Round "15B"]
[White "Caruana, Fabiano"]
[Black "Firouzja, Alireza"]
[Result "1/2-1/2"]
[WhiteTitle "GM"]
[BlackTitle "GM"]
[WhiteElo "2784"]
[BlackElo "2766"]
[WhiteFideId "2020009"]
[BlackFideId "12573981"]
[EventDate "2025.07.05"]

1. d4 Nf6 2. c4 e6 3. Nf3 d5 4. Nc3 h6 5. cxd5 exd5 6. Bf4 Bd6 7. Bxd6 Qxd6 8.
e3 O-O 9. Qc2 a6 10. Bd3 Re8 11. O-O Bg4 12. Ne5 Nc6 13. Nxc6 Qxc6 14. Rae1 Bd7
15. f3 Qd6 16. Qf2 Re7 17. h3 c5 18. dxc5 Qxc5 19. e4 Qxf2+ 20. Kxf2 dxe4 21.
Nxe4 Nxe4+ 22. Rxe4 Kf8 23. Rd4 Be6 24. a4 Rc8 25. a5 g6 26. Re1 Rd7 27. Rxd7
Bxd7 28. Be4 Rc5 29. b4 Rb5 30. Rb1 Bf5 31. Bxf5 Rxf5 32. Rc1 Rb5 33. Rc4 Ke7
34. h4 h5 35. g4 Kd6 36. Ke3 b6 37. axb6 Rxb6 38. Rf4 Ke6 39. g5 Rb5 40. Kf2 a5
41. bxa5 Rxa5 42. Rf6+ Ke7 43. Rf4 Ke6 44. Rf6+ Ke7 45. Rf4 1/2-1/2

[Event "GCT 2024 Croazia - Blitz"]
[Site "Zagabria"]
[Date "06.07.2025"]
[Round "15B"]
[White "Gukesh, Dommaraju"]
[Black "Giri, Anish"]
[Result "0-1"]
[WhiteTitle "GM"]
[BlackTitle "GM"]
[WhiteElo "2776"]
[BlackElo "2748"]
[WhiteFideId "46616543"]
[BlackFideId "24116068"]
[EventDate "2025.07.05"]

1. Nf3 Nf6 2. g3 c5 3. Bg2 Nc6 4. c4 d5 5. cxd5 Nxd5 6. Nc3 Nc7 7. a3 e6 8. O-O
Be7 9. d3 O-O 10. Bf4 Nd5 11. Nxd5 exd5 12. Rc1 Be6 13. Ne5 Rc8 14. Qa4 a6 15.
Nxc6 Rxc6 16. b4 b5 17. Qc2 Qd7 18. Be3 c4 19. dxc4 Rxc4 20. Qd3 Rfc8 21. Rfd1
h6 22. Rxc4 bxc4 23. Qc3 Qa4 24. Qc1 a5 25. Bxd5 Rd8 26. Rd4 Rxd5 27. Qxc4 Qd1+ 0-1

[Event "GCT 2024 Croazia - Blitz"]
[Site "Zagabria"]
[Date "06.07.2025"]
[Round "15B"]
[White "Duda, Jan-Krzysztof"]
[Black "Praggnanandhaa, Rameshbabu"]
[Result "1-0"]
[WhiteTitle "GM"]
[BlackTitle "GM"]
[WhiteElo "2725"]
[BlackElo "2779"]
[WhiteFideId "1170546"]
[BlackFideId "25059530"]
[EventDate "2025.07.05"]

1. e4 e5 2. Nf3 Nc6 3. Bc4 Bc5 4. c3 Nf6 5. d3 a6 6. O-O Ba7 7. Bb3 d6 8. Nbd2
Nh5 9. Nc4 Qf6 10. Ne3 Nf4 11. Nd5 Nxd5 12. exd5 Ne7 13. d4 h6 14. Re1 exd4 15.
Nxd4 O-O 16. Be3 Ng6 17. Bc2 Bd7 18. Qd3 Rfe8 19. Re2 Bg4 20. f3 Bd7 21. Rae1
Re5 22. Qd2 Rxd5 23. Be4 Re5 24. Bxb7 Rae8 25. Bxa6 c5 26. Nc2 d5 27. Bd3 Nh4
28. Bf2 Nxf3+ 29. gxf3 Rg5+ 30. Bg3 Rxe2 31. Bxe2 Bb8 32. Kf2 Bxg3+ 33. hxg3 Rh5
34. Rg1 Rh2+ 35. Rg2 Rh1 36. Qxd5 Bh3 37. Ne3 g6 38. Qxc5 Qe6 39. Qd5 Qb6 40.
Qb5 Qa7 41. Bc4 Bxg2 42. Qe8+ Kg7 43. Kxg2 Re1 44. Nf5+ 1-0

[Event "GCT 2024 Croazia - Blitz"]
[Site "Zagabria"]
[Date "06.07.2025"]
[Round "15B"]
[White "Abdusattorov, Nodirbek"]
[Black "Carlsen, Magnus"]
[Result "1-0"]
[WhiteTitle "GM"]
[BlackTitle "GM"]
[WhiteElo "2771"]
[BlackElo "2839"]
[WhiteFideId "14204118"]
[BlackFideId "1503014"]
[EventDate "2025.07.05"]

1. e4 c5 2. Nf3 Nc6 3. d4 cxd4 4. Nxd4 Nf6 5. Nc3 e5 6. Ndb5 d6 7. Be2 a6 8. Na3
Be6 9. Nc4 Nd4 10. Bd3 Be7 11. O-O O-O 12. Ne3 Rc8 13. Ncd5 Bxd5 14. exd5 e4 15.
Bxe4 Nxe4 16. Qxd4 Nc5 17. Nf5 Bf6 18. Qf4 Re8 19. Qxd6 Ne4 20. Qxd8 Rexd8 21.
Ne3 b5 22. c3 a5 23. a4 b4 24. cxb4 axb4 25. a5 Nc5 26. Bd2 Bxb2 27. Rab1 Nd3
28. Bxb4 Nxb4 29. Rxb2 Nxd5 30. a6 Nxe3 31. fxe3 Ra8 32. Ra1 Ra7 33. Rb7 Rda8
34. Rxa7 Rxa7 35. Kf2 Kf8 36. Kf3 Ke7 37. Ke4 Kd6 38. g4 Kc6 39. Kf5 Kc7 40. e4
Kb8 41. Rb1+ Ka8 42. Rb6 Rd7 43. e5 Rd2 44. Rb7 Rf2+ 45. Ke4 g5 46. h3 h6 47.
Rb6 Re2+ 48. Kd4 Rd2+ 49. Ke3 Ra2 50. Rxh6 Ka7 51. Ke4 Rf2 52. Rf6 1-0

[Event "GCT 2024 Croazia - Blitz"]
[Site "Zagabria"]
[Date "06.07.2025"]
[Round "16B"]
[White "Giri, Anish"]
[Black "So, Wesley"]
[Result "1/2-1/2"]
[WhiteTitle "GM"]
[BlackTitle "GM"]
[WhiteElo "2748"]
[BlackElo "2745"]
[WhiteFideId "24116068"]
[BlackFideId "5202213"]
[EventDate "2025.07.05"]

1. Nf3 d5 2. g3 g6 3. Bg2 Bg7 4. O-O e5 5. d3 Ne7 6. c4 O-O 7. cxd5 Nxd5 8. Bg5
Ne7 9. Nc3 h6 10. Bxe7 Qxe7 11. Rc1 Rd8 12. Qa4 a5 13. h4 c6 14. Nd2 Nd7 15. Qc2
Nb6 16. Na4 Nxa4 17. Qxa4 h5 18. Qc2 a4 19. Nc4 Ra6 20. b3 axb3 21. axb3 Be6 22.
Rb1 Qb4 23. Rfc1 Rda8 24. Qd1 Ra2 25. Rc2 Kh7 26. Kh2 Qc5 27. Kg1 Qb4 28. Kh2
R8a6 29. Nd2 Kg8 30. Bf3 Bf8 31. Kg1 Be7 32. Kg2 Kg7 33. Nc4 Bf6 34. Nd2 Ra8 35.
Nc4 Kg8 36. Nd2 Bg7 37. Nc4 f5 38. e4 Rxc2 39. Qxc2 f4 40. Qb2 Rd8 41. Qc2 Ra8
42. Qb2 Rd8 43. Qc2 Qe7 44. b4 Qd7 45. Rd1 Rf8 46. Qe2 Kh7 47. Rb1 Rd8 48. Rd1
Rf8 49. Rb1 Rf7 50. Nb6 Qd4 51. Nc4 Bd7 52. Na5 Be6 53. Nc4 Rd7 54. Na5 fxg3 55.
fxg3 Bf8 56. b5 c5 57. b6 Bh6 58. Rb5 Bf8 59. Rb1 Bh6 60. Rb5 Qc3 61. Qf2 c4 62.
Nxc4 Bxc4 63. dxc4 Rd2 64. Be2 Qc2 65. Kf1 Qc1+ 66. Kg2 Qc2 67. Kf1 Qc1+ 68. Kg2
Qc2 1/2-1/2

[Event "GCT 2024 Croazia - Blitz"]
[Site "Zagabria"]
[Date "06.07.2025"]
[Round "16B"]
[White "Saric, Ivan"]
[Black "Abdusattorov, Nodirbek"]
[Result "0-1"]
[WhiteTitle "GM"]
[BlackTitle "GM"]
[WhiteElo "2661"]
[BlackElo "2771"]
[WhiteFideId "14508150"]
[BlackFideId "14204118"]
[EventDate "2025.07.05"]

1. e4 d5 2. exd5 Qxd5 3. Nc3 Qa5 4. d4 Nf6 5. Nf3 Bf5 6. Ne5 c6 7. Bc4 e6 8. g4
Bg6 9. h4 Nbd7 10. Nxd7 Nxd7 11. h5 Be4 12. O-O Bd5 13. Nxd5 cxd5 14. Bd3 Bd6
15. Qf3 O-O-O 16. Be3 e5 17. b4 Qc7 18. Qxf7 e4 19. Be2 Kb8 20. Qxd5 Nf6 21. Qb5
Nd5 22. Kh1 Qe7 23. Kg2 Nc3 24. Qg5 Nxe2 25. Qxe7 Bxe7 26. Rfe1 Nxd4 27. Bf4+
Bd6 28. Bxd6+ Rxd6 29. Rad1 Nxc2 30. Rxd6 Nxe1+ 31. Kg3 Rf8 32. Rd7 Rf3+ 33. Kh4
h6 34. g5 Rxf2 35. g6 Rf4+ 36. Kg3 Rf5 37. Rxg7 Rxh5 38. Kf4 Rg5 39. Kxe4 Ng2
40. Rg8+ Kc7 41. g7 h5 42. Kf3 h4 43. b5 h3 0-1

[Event "GCT 2024 Croazia - Blitz"]
[Site "Zagabria"]
[Date "06.07.2025"]
[Round "16B"]
[White "Praggnanandhaa, Rameshbabu"]
[Black "Caruana, Fabiano"]
[Result "0-1"]
[WhiteTitle "GM"]
[BlackTitle "GM"]
[WhiteElo "2779"]
[BlackElo "2784"]
[WhiteFideId "25059530"]
[BlackFideId "2020009"]
[EventDate "2025.07.05"]

1. b3 d5 2. Bb2 Bg4 3. f3 Bf5 4. e4 dxe4 5. Nc3 Nf6 6. g4 Bg6 7. Qe2 exf3 8.
Nxf3 Nbd7 9. h4 h5 10. g5 Ng4 11. O-O-O e6 12. Bh3 c6 13. d4 Be7 14. d5 cxd5 15.
Nxd5 exd5 16. Rxd5 Rc8 17. Nd4 Rc5 18. Rxc5 Nxc5 19. Rd1 Qc7 20. Nb5 Qf4+ 21.
Kb1 Ne6 22. Nd4 O-O 23. Nxe6 fxe6 24. Qxe6+ Qf7 25. Qe1 Bc5 26. Rc1 Kh7 27. Qc3
Bd6 28. Bxg4 hxg4 29. Qd4 Bf4 30. Rf1 Qc7 31. h5 Bxc2+ 32. Ka1 g3 33. h6 g2 34.
Re1 Be5 35. hxg7 Bxg7 36. g6+ Bxg6 37. Qh4+ Kg8 0-1

[Event "GCT 2024 Croazia - Blitz"]
[Site "Zagabria"]
[Date "06.07.2025"]
[Round "16B"]
[White "Firouzja, Alireza"]
[Black "Gukesh, Dommaraju"]
[Result "1-0"]
[WhiteTitle "GM"]
[BlackTitle "GM"]
[WhiteElo "2766"]
[BlackElo "2776"]
[WhiteFideId "12573981"]
[BlackFideId "46616543"]
[EventDate "2025.07.05"]

1. d4 Nf6 2. g3 d5 3. Bg2 Bf5 4. c4 c6 5. Nf3 e6 6. Nc3 h6 7. Qb3 Qb6 8. c5 Qxb3
9. axb3 Be7 10. h3 a6 11. b4 O-O 12. g4 Bh7 13. Bf4 Ne4 14. h4 f6 15. h5 Nd7 16.
Nh4 e5 17. Nxe4 dxe4 18. Be3 a5 19. Rxa5 Rxa5 20. bxa5 exd4 21. Bxd4 Nxc5 22.
Ng6 Bxg6 23. hxg6 f5 24. gxf5 Rxf5 25. Bh3 Rd5 26. Be3 Kf8 27. Bc8 Nb3 28. Rxh6
Bb4+ 29. Kf1 Nxa5 30. Rh4 Nc4 31. Rf4+ Kg8 1-0

[Event "GCT 2024 Croazia - Blitz"]
[Site "Zagabria"]
[Date "06.07.2025"]
[Round "16B"]
[White "Carlsen, Magnus"]
[Black "Duda, Jan-Krzysztof"]
[Result "1/2-1/2"]
[WhiteTitle "GM"]
[BlackTitle "GM"]
[WhiteElo "2839"]
[BlackElo "2725"]
[WhiteFideId "1503014"]
[BlackFideId "1170546"]
[EventDate "2025.07.05"]

1. e4 e5 2. Nf3 Nc6 3. Nc3 Nf6 4. d4 exd4 5. Nxd4 Bb4 6. Nxc6 bxc6 7. Bd3 d5 8.
exd5 O-O 9. O-O Bg4 10. f3 Bh5 11. dxc6 Qd4+ 12. Kh1 Bxc3 13. bxc3 Qxc3 14. Bf4
Qxc6 15. h3 Bg6 16. Re1 Rfd8 17. Qe2 Bxd3 18. cxd3 Re8 19. Qf2 Nd5 20. Bg3 a6
21. Re4 h6 22. Kh2 Qb5 23. Qd4 Qd7 24. Rae1 c6 25. a4 Red8 26. Qc5 a5 27. Rd4
Qa7 28. Qxa7 Rxa7 29. Rc1 Ra6 30. Be1 Re8 31. Re4 Rb8 32. Rc5 Nb4 33. Rd4 Ra7
34. Bd2 f6 35. h4 Kf7 36. h5 Rbb7 37. Rcc4 Rc7 38. Kg3 c5 39. Rd6 Rd7 40. Rxd7+
Rxd7 41. Rxc5 Rxd3 42. Bxb4 axb4 43. Rb5 Rb3 44. Rb6 Rb2 45. Rb7+ Ke6 46. Rxg7
Ra2 47. Rb7 Rxa4 48. Rb5 Ra6 49. Rxb4 Ra7 50. Rg4 Ra5 51. Kh4 Kf7 52. Rg6 Ra1
53. g4 Rf1 54. Kg3 Rg1+ 55. Kf4 Ra1 56. Rxh6 Ra4+ 57. Kg3 Kg7 58. Rg6+ Kf7 59.
f4 Ra3+ 60. Kf2 Ra2+ 61. Ke3 Ra3+ 62. Kd2 Rf3 63. f5 Rh3 64. Ke2 Rh2+ 65. Ke3
Rh1 66. h6 Rh2 67. Ke4 Rh1 68. Rg7+ Kf8 69. Kd5 Rxh6 70. Ra7 Rh4 71. Ke6 Rxg4
72. Kxf6 Kg8 73. Ra8+ Kh7 74. Ke6 Re4+ 75. Kf7 Rb4 76. Re8 Rb7+ 77. Kf8 Rb6 78.
Re7+ Kh8 79. Kf7 Kh7 80. Kf8+ Kh8 81. Re6 Rb8+ 82. Kf7 Kh7 83. f6 Ra8 84. Re7
Rb8 85. Ra7 Rc8 86. Ra1 Rc7+ 87. Ke6 Rc6+ 88. Ke7 Rc7+ 89. Ke8 Kg6 90. f7 Rc8+
91. Kd7 Rb8 92. Rb1 Ra8 93. Ra1 Rb8 94. Rf1 Kg7 95. f8=R Rxf8 96. Rxf8 Kxf8 1/2-1/2

[Event "GCT 2024 Croazia - Blitz"]
[Site "Zagabria"]
[Date "06.07.2025"]
[Round "17B"]
[White "Gukesh, Dommaraju"]
[Black "Caruana, Fabiano"]
[Result "1-0"]
[WhiteTitle "GM"]
[BlackTitle "GM"]
[WhiteElo "2776"]
[BlackElo "2784"]
[WhiteFideId "46616543"]
[BlackFideId "2020009"]
[EventDate "2025.07.05"]

1. e4 c5 2. Nf3 Nc6 3. Bb5 e6 4. O-O Nge7 5. Re1 h6 6. c3 a6 7. Bf1 d5 8. exd5
Nxd5 9. d4 Nf6 10. Be3 Nd5 11. Bc1 Be7 12. dxc5 Bxc5 13. c4 Nf6 14. Qxd8+ Kxd8
15. Nc3 Bd7 16. Bf4 g5 17. Bg3 Nh5 18. Be5 Nxe5 19. Nxe5 Be8 20. Ne4 Be7 21. c5
Kc7 22. Red1 f6 23. Nc4 Bc6 24. Ned6 Rad8 25. b4 Ba4 26. Re1 Ng7 27. Nf7 Rhf8
28. Nxd8 Rxd8 29. Nb6 Be8 30. Bc4 Rd4 31. Bxe6 Bc6 32. Bd5 Bd8 33. Rad1 Nf5 34.
Bxc6 Kxc6 35. Re6+ Kb5 36. Rxd4 Nxd4 37. Rd6 Nc6 38. Nd5 f5 39. Rd7 Kc4 40. a3
a5 41. Ne3+ Kb5 42. Rxb7+ Ka4 43. b5 Nd4 44. Rd7 Bf6 45. b6 1-0

[Event "GCT 2024 Croazia - Blitz"]
[Site "Zagabria"]
[Date "06.07.2025"]
[Round "17B"]
[White "Duda, Jan-Krzysztof"]
[Black "Saric, Ivan"]
[Result "0-1"]
[WhiteTitle "GM"]
[BlackTitle "GM"]
[WhiteElo "2725"]
[BlackElo "2661"]
[WhiteFideId "1170546"]
[BlackFideId "14508150"]
[EventDate "2025.07.05"]

1. d4 Nf6 2. c4 g6 3. Nc3 Bg7 4. e4 d6 5. Be2 O-O 6. Be3 Na6 7. Nf3 e5 8. d5 Ng4
9. Bg5 f6 10. Bh4 Nh6 11. Nd2 c5 12. g4 Nf7 13. f3 Ng5 14. h3 Bh6 15. Bf2 Nf7
16. h4 Bd7 17. Qc2 Nb4 18. Qb3 Rb8 19. a3 Na6 20. Nb5 Nc7 21. Be3 Bxe3 22. Qxe3
a6 23. Nc3 b5 24. Kf2 bxc4 25. Nxc4 Nb5 26. Nxb5 axb5 27. Nd2 Kh8 28. h5 Kg7 29.
b4 c4 30. Nb1 Ng5 31. Nc3 f5 32. gxf5 gxf5 33. h6+ Kh8 34. Ke1 fxe4 35. fxe4 Rf4
36. Kd2 Qf6 37. Kc1 Be8 38. Kb2 Bg6 39. Raf1 Rf8 40. a4 bxa4 41. b5 Nxe4 42.
Nxe4 Bxe4 43. Rhg1 Bxd5 44. Ka3 Qxh6 45. Rxf4 Qxf4 46. Qa7 Qf7 47. Qb6 Qf6 48.
Qc7 e4 49. Kb4 Qb2+ 50. Ka5 Ra8+ 51. Kb6 Qd4+ 0-1

[Event "GCT 2024 Croazia - Blitz"]
[Site "Zagabria"]
[Date "06.07.2025"]
[Round "17B"]
[White "Abdusattorov, Nodirbek"]
[Black "Giri, Anish"]
[Result "1-0"]
[WhiteTitle "GM"]
[BlackTitle "GM"]
[WhiteElo "2771"]
[BlackElo "2748"]
[WhiteFideId "14204118"]
[BlackFideId "24116068"]
[EventDate "2025.07.05"]

1. e4 c5 2. Nf3 d6 3. Bb5+ Bd7 4. c4 Nf6 5. Nc3 g6 6. Bxd7+ Qxd7 7. d4 cxd4 8.
Qxd4 Nc6 9. Qd3 Ng4 10. O-O Bg7 11. Bd2 O-O 12. b3 f5 13. exf5 Qxf5 14. Qxf5
gxf5 15. Rad1 h6 16. Nd5 Kf7 17. Rfe1 Rac8 18. Nf4 Nge5 19. Nh4 e6 20. Nh5 Bh8
21. Bxh6 Rfd8 22. h3 Rd7 23. f4 Ng6 24. Nxg6 Kxg6 25. Rxe6+ Kxh5 26. Bg5 Bg7 27.
Rd5 Ne5 28. Be7 Re8 29. g4+ fxg4 30. fxe5 gxh3 31. exd6+ Kg4 32. Rg6+ 1-0

[Event "GCT 2024 Croazia - Blitz"]
[Site "Zagabria"]
[Date "06.07.2025"]
[Round "17B"]
[White "Carlsen, Magnus"]
[Black "Praggnanandhaa, Rameshbabu"]
[Result "1/2-1/2"]
[WhiteTitle "GM"]
[BlackTitle "GM"]
[WhiteElo "2839"]
[BlackElo "2779"]
[WhiteFideId "1503014"]
[BlackFideId "25059530"]
[EventDate "2025.07.05"]

1. e4 e5 2. Nf3 Nc6 3. Nc3 Nf6 4. d4 exd4 5. Nxd4 Bb4 6. Nxc6 bxc6 7. Bd3 O-O 8.
O-O d5 9. exd5 cxd5 10. Bg5 Be6 11. Nb5 c5 12. a3 Ba5 13. b4 Bb6 14. bxc5 Bxc5
15. Qd2 Rc8 16. c3 h6 17. Be3 Ne4 18. Bxe4 dxe4 19. Nd4 Bc4 20. Rfe1 Qf6 21. Qd1
Qg6 22. h3 Bd3 23. Qg4 Qxg4 24. hxg4 Bb6 25. Nf5 Rxc3 26. Ne7+ Kh8 27. Nd5 Bxe3
28. Rxe3 Rb3 29. Nf4 Rd8 30. a4 a5 31. Kh2 Rb4 32. Ra3 Rdd4 33. Kg3 Ba6 34. Rec3
Rxa4 35. Rxa4 Rxa4 36. Rc5 Bc4 37. Nh5 Be6 38. Nf4 Ra3+ 39. f3 e3 40. Nxe6 fxe6
41. Re5 a4 42. f4 Rb3 43. Kf3 a3 44. Rxe6 Kg8 45. Re7 Kf8 46. Ra7 Rc3 47. f5 Rb3
48. Ke2 Kg8 49. Kf3 Kh7 50. Ke2 Kh8 51. Ra8+ Kh7 52. Ra7 Kg8 53. Kf3 Rc3 54. Ke2
Rc2+ 55. Kxe3 Rxg2 56. Kf3 Ra2 57. Kg3 Ra1 58. Kf2 a2 59. Kg2 Kf8 60. Ra8+ Ke7
61. Ra6 Kd7 62. Ra8 Kd6 63. Ra7 Ke5 64. Ra4 Kf6 65. Ra7 Ke5 66. Ra4 Kd5 67. Ra7
Ke4 68. Ra4+ Ke3 69. Ra3+ Kf4 70. Ra4+ Kg5 71. Ra7 Kh4 72. Kh2 Rc1 73. Rxa2 Rc4
74. Ra6 Rc2+ 75. Kg1 Kg3 76. Ra3+ Kxg4 77. Ra7 Kxf5 78. Rxg7 Rc6 79. Kh2 Rg6 80.
Rxg6 Kxg6 81. Kg3 h5 82. Kh4 Kf6 83. Kxh5 1/2-1/2

[Event "GCT 2024 Croazia - Blitz"]
[Site "Zagabria"]
[Date "06.07.2025"]
[Round "17B"]
[White "So, Wesley"]
[Black "Firouzja, Alireza"]
[Result "1/2-1/2"]
[WhiteTitle "GM"]
[BlackTitle "GM"]
[WhiteElo "2745"]
[BlackElo "2766"]
[WhiteFideId "5202213"]
[BlackFideId "12573981"]
[EventDate "2025.07.05"]

1. d4 e6 2. c4 b6 3. e4 Bb7 4. Bd3 Nc6 5. Nf3 Nb4 6. O-O Ne7 7. Nc3 Nxd3 8. Qxd3
Ng6 9. d5 Be7 10. Be3 O-O 11. Rad1 e5 12. Ne2 d6 13. Ng3 Bc8 14. Nf5 Bf6 15. h3
Re8 16. Qd2 Bd7 17. Kh2 Qc8 18. Ng3 a5 19. b3 Be7 20. Qc2 Rf8 21. Nf5 Bd8 22.
Ng1 Nh4 23. Nxh4 Bxh4 24. f4 exf4 25. Bxf4 Re8 26. Nf3 Bf6 27. Rde1 Be7 28. e5
dxe5 29. Nxe5 Bb4 30. Bd2 Bd6 31. Bf4 f6 32. Nd3 Rxe1 33. Rxe1 Qf8 34. Qf2 Bf5
35. Re3 Bg6 36. Bxd6 Qxd6+ 37. Nf4 Re8 38. Kg1 Rxe3 39. Qxe3 Bf7 40. Ne2 Kf8 41.
Nd4 Be8 42. Qe4 Bg6 43. Qe6 Qc5 44. Qe3 Kg8 45. Qe6+ Kf8 46. Qe3 Kg8 47. Qe6+
Kf8 48. Qe3 Kg8 1/2-1/2

[Event "GCT 2024 Croazia - Blitz"]
[Site "Zagabria"]
[Date "06.07.2025"]
[Round "18B"]
[White "Firouzja, Alireza"]
[Black "Abdusattorov, Nodirbek"]
[Result "1-0"]
[WhiteTitle "GM"]
[BlackTitle "GM"]
[WhiteElo "2766"]
[BlackElo "2771"]
[WhiteFideId "12573981"]
[BlackFideId "14204118"]
[EventDate "2025.07.05"]

1. d4 d5 2. g3 Nf6 3. Bg2 c5 4. Nf3 e6 5. O-O Be7 6. dxc5 Bxc5 7. a3 O-O 8. b4
Be7 9. Nbd2 a5 10. b5 Nbd7 11. c4 Nb6 12. Bb2 dxc4 13. Ne5 Qc7 14. Qc2 Bd7 15.
a4 Rac8 16. Rfc1 Rfd8 17. Ndxc4 Nxc4 18. Qxc4 Bc5 19. Qf4 Be8 20. Nd3 Qe7 21.
Nxc5 Rxc5 22. Rxc5 Qxc5 23. Bxb7 Qc2 24. Bxf6 gxf6 25. Bf3 Kg7 26. Kg2 e5 27.
Rc1 Qb2 28. Qg4+ Kf8 29. Rc8 h5 30. Qf5 Rxc8 1-0

[Event "GCT 2024 Croazia - Blitz"]
[Site "Zagabria"]
[Date "06.07.2025"]
[Round "18B"]
[White "Praggnanandhaa, Rameshbabu"]
[Black "Gukesh, Dommaraju"]
[Result "1/2-1/2"]
[WhiteTitle "GM"]
[BlackTitle "GM"]
[WhiteElo "2779"]
[BlackElo "2776"]
[WhiteFideId "25059530"]
[BlackFideId "46616543"]
[EventDate "2025.07.05"]

1. b3 d5 2. Bb2 Bf5 3. d3 Nf6 4. Nd2 c5 5. g3 Nc6 6. Bg2 e5 7. e4 Be6 8. exd5
Nxd5 9. Ngf3 f6 10. O-O Be7 11. c3 O-O 12. Re1 Qd7 13. d4 cxd4 14. cxd4 Ndb4 15.
Ne4 f5 16. Neg5 e4 17. Nxe6 Qxe6 18. a3 Nd5 19. Ne5 Bf6 20. f3 Bxe5 21. fxe4
fxe4 22. dxe5 Rad8 23. Bxe4 Nf4 24. Qc2 Nh3+ 25. Kh1 Nf2+ 26. Kg2 Nd4 27. Qc4 b5
28. Qxe6+ Nxe6 29. Bf3 Rd3 30. Be2 Rxb3 31. Bc1 Nd3 32. Rf1 Rxf1 33. Kxf1 Nxe5
34. Ra2 Nd4 35. Rd2 Nxe2 36. Kxe2 Nc4 37. Rd8+ Kf7 38. Rd7+ Kg6 39. Rxa7 Rc3 40.
Kd1 Rd3+ 41. Kc2 Rf3 42. Rb7 Nxa3+ 43. Bxa3 Rxa3 44. Rb6+ Kf5 45. Rxb5+ Kg4 46.
Rb7 Ra2+ 47. Kd3 Rxh2 48. Rxg7+ Kf5 49. Ke3 Kf6 50. Ra7 Kg6 51. Kf3 Rb2 52. Ra6+
Kg7 53. Ra7+ Kg6 54. Ra6+ Kg7 55. Ra7+ Kg6 56. Ra6+ Kg7 1/2-1/2

[Event "GCT 2024 Croazia - Blitz"]
[Site "Zagabria"]
[Date "06.07.2025"]
[Round "18B"]
[White "Saric, Ivan"]
[Black "Carlsen, Magnus"]
[Result "0-1"]
[WhiteTitle "GM"]
[BlackTitle "GM"]
[WhiteElo "2661"]
[BlackElo "2839"]
[WhiteFideId "14508150"]
[BlackFideId "1503014"]
[EventDate "2025.07.05"]

1. e4 g6 2. d4 d6 3. Nc3 Bg7 4. Be3 a6 5. h4 h5 6. Bc4 Nf6 7. Nf3 Ng4 8. Bg5 Nc6
9. Qd2 f6 10. Be3 e5 11. O-O-O Nxe3 12. fxe3 exd4 13. Nxd4 Ne5 14. Bb3 c6 15.
Nce2 Qe7 16. Nf4 Bg4 17. Nde6 Bh6 18. Qxd6 Qxd6 19. Rxd6 Ke7 20. Rd4 Bxe6 21.
Bxe6 Bxf4 22. exf4 Kxe6 23. fxe5 Kxe5 24. Rd7 Kxe4 25. Re7+ Kf4 26. Rf1+ Kg3 27.
Rxf6 Rhg8 28. Rxb7 Kxh4 29. Rb3 Raf8 30. Rxc6 Rf1+ 31. Kd2 Rf2+ 32. Ke3 Rxg2 33.
Rxa6 g5 34. a4 Rg3+ 35. Ke4 Rxb3 36. cxb3 g4 37. Ke3 0-1

[Event "GCT 2024 Croazia - Blitz"]
[Site "Zagabria"]
[Date "06.07.2025"]
[Round "18B"]
[White "Caruana, Fabiano"]
[Black "So, Wesley"]
[Result "0-1"]
[WhiteTitle "GM"]
[BlackTitle "GM"]
[WhiteElo "2784"]
[BlackElo "2745"]
[WhiteFideId "2020009"]
[BlackFideId "5202213"]
[EventDate "2025.07.05"]

1. Nf3 d5 2. c4 e6 3. g3 Nf6 4. Bg2 Be7 5. O-O O-O 6. d3 c5 7. Ne5 Qc7 8. f4 Rd8
9. Nc3 a6 10. Qe1 b5 11. cxb5 axb5 12. Nxb5 Qb6 13. Nc3 Nbd7 14. e4 Bb7 15. Nxd7
Rxd7 16. e5 Ng4 17. Kh1 Nh6 18. Qf2 Qa6 19. Rd1 d4 20. Ne4 c4 21. dxc4 Qxc4 22.
b3 Qa6 23. Qf1 Qb6 24. Nd2 Nf5 25. Nc4 Qa6 26. Bxb7 Rxb7 27. Qf3 g6 28. Bd2 h5
29. Kg2 Kg7 30. Be1 Rc8 31. Bf2 Rxc4 32. bxc4 Rb2 33. Kh1 Qxc4 34. a4 Rb3 35.
Qe4 Rb2 36. Bg1 Re2 37. Qf3 Ne3 38. Rdc1 Qa6 39. a5 Nc2 40. Ra4 d3 41. Re4 Qc6
42. Re3 Qb5 43. Rxd3 Ne1 44. Qxe2 Nxd3 45. Ra1 h4 46. a6 h3 47. Qf3 Qb2 48. a7
Qxa1 49. Qe3 0-1

[Event "GCT 2024 Croazia - Blitz"]
[Site "Zagabria"]
[Date "06.07.2025"]
[Round "18B"]
[White "Giri, Anish"]
[Black "Duda, Jan-Krzysztof"]
[Result "1-0"]
[WhiteTitle "GM"]
[BlackTitle "GM"]
[WhiteElo "2748"]
[BlackElo "2725"]
[WhiteFideId "24116068"]
[BlackFideId "1170546"]
[EventDate "2025.07.05"]

1. d4 Nf6 2. c4 b6 3. Nc3 Bb7 4. Qc2 d5 5. cxd5 Nxd5 6. e4 Nxc3 7. bxc3 e5 8.
Nf3 exd4 9. Bb5+ c6 10. Bc4 b5 11. Be2 dxc3 12. Qxc3 Nd7 13. O-O Qe7 14. Rd1 Nc5
15. Bf4 Na4 16. Qa5 Nb6 17. Bd6 Qe6 18. Bxf8 Kxf8 19. Nd4 Qxe4 20. Bf3 Nc4 21.
Qc3 Qe5 22. a4 a6 23. axb5 axb5 24. Rxa8+ Bxa8 25. Nxc6 Bxc6 26. Qb4+ Kg8 27.
Bxc6 g6 28. Bxb5 Nb6 29. Rd8+ Kg7 30. Rxh8 Nd5 31. Qf8+ Kf6 32. Bf1 Nf4 33. Qd8+
Kf5 34. Rxh7 f6 35. Qd7+ Ne6 36. Qd3+ 1-0